[Event "Novi Sad TS IM 106th"]
[Site "Novi Sad"]
[Date "2019.02.09"]
[Round "6"]
[White "Bozic, Milan"]
[Black "Yao, Yuan"]
[Result "1/2-1/2"]
[WhiteElo "2312"]
[BlackElo "1958"]
[PlyCount "196"]
[EventDate "2019.02.06"]
[EventType "tourn"]
[EventRounds "9"]
[EventCountry "SRB"]
[EventCategory "1"]
[SourceTitle "CBM 189 Extra"]
[Source "ChessBase"]
[SourceDate "2019.06.03"]
[SourceVersion "1"]
[SourceVersionDate "2019.06.03"]
[SourceQuality "1"]

1. Nf3 d5 2. d4 e6 3. c4 a6 4. Qc2 dxc4 5. Qxc4 b5 6. Qc2 Bb7 7. Bg5 Nf6 8. Nbd2 Nbd7 9. Ne5 h6 10. Bh4 g5 11. Bg3 Nxe5 12. Bxe5 Bd6 13. 0-0-0 Qe7 14. e4 Bxe5 15. dxe5 Nd7 16. Nb3 c5 17. f3 c4 18. Na5 Nxe5 19. Qc3 f6 20. h4 Kf7 21. Be2 Nc6 22. Nxc6 Bxc6 23. Qe3 Qa7 24. Qxa7+ Rxa7 25. hxg5 fxg5 26. Rd6 Rc7 27. e5 h5 28. Rh2 h4 29. f4 gxf4 30. Rd4 Kg6 31. Rxf4 Kg5 32. g3 Rch7 33. Rg4+ Kf5 34. gxh4 Kxe5 35. Rg5+ Kf6 36. Rf2+ Ke7 37. h5 Rf8 38. Rxf8 Kxf8 39. Kd2 Kf7 40. Ke3 Rg7 41. Rc5 Bd5 42. a4 Rg3+ 43. Kd2 Rb3 44. Kc1 bxa4 45. Bd1 a3 46. Rc7+ Kg8 47. Bxb3 axb2+ 48. Kxb2 cxb3 49. Ra7 a5 50. h6 a4 51. Rxa4 Kh7 52. Rh4 Kh8 53. Kc3 Kh7 54. Rh2 Kh8 55. Rf2 Kh7 56. Rf6 Kg8 57. Rf4 Kh7 58. Rh4 Kg8 59. Rh2 Kh7 60. Rh5 Kg8 61. h7+ Kh8 62. Rh4 e5 63. Rh5 Bf7 64. Rf5 Bg6 65. Rxe5 Kxh7 66. Kxb3 Kg7 67. Kc3 Kf6 68. Kd4 Bc2 69. Kd5 Bb1 70. Kd6 Bf5 71. Re2 Bd3 72. Rd2 Bb1 73. Rf2+ Bf5 74. Rf1 Kg6 75. Ke5 Bd3 76. Rf6+ Kg5 77. Rf3 Bc2 78. Rg3+ Kh6 79. Kf6 Kh7 80. Rg7+ Kh8 81. Kf7 Bd3 82. Rg8+ Kh7 83. Rg3 Bc4+ 84. Kf6 Kh8 85. Kg6 Ba2 86. Kh6 Bc4 87. Rc3 Be6 88. Rc6 Bb3 89. Kg6 Ba2 90. Rb6 Bc4 91. Rb2 Bd3+ 92. Kf7 Bc4+ 93. Kf6 Bd3 94. Rh2+ Kg8 95. Rg2+ Kh8 96. Rd2 Bc4 97. Rd8+ Kh7 98. Rd6 Bb3 1/2-1/2

[Event "Novi Sad TS IM 106th"]
[Site "Novi Sad"]
[Date "2019.02.07"]
[Round "3"]
[White "Yao, Yuan"]
[Black "Chakravarthi, Reddy M"]
[Result "0-1"]
[WhiteElo "1958"]
[BlackElo "2416"]
[PlyCount "68"]
[EventDate "2019.02.06"]
[EventType "tourn"]
[EventRounds "9"]
[EventCountry "SRB"]
[EventCategory "1"]
[SourceTitle "CBM 189 Extra"]
[Source "ChessBase"]
[SourceDate "2019.06.03"]
[SourceVersion "1"]
[SourceVersionDate "2019.06.03"]
[SourceQuality "1"]

1. e4 e6 2. d4 d5 3. Nd2 Nf6 4. e5 Nfd7 5. c3 c5 6. f4 Nc6 7. Ndf3 cxd4 8. cxd4 f5 9. exf6 Nxf6 10. Bd3 Qb6 11. Ne2 Bb4+ 12. Kf1 0-0 13. g3 e5 14. fxe5 Bh3+ 15. Kg1 Ne4 16. Bf4 Bg4 17. Kg2 Bxf3+ 18. Kxf3 g5 19. Bxe4 dxe4+ 20. Kxe4 gxf4 21. gxf4 Rad8 22. Qb3+ Kh8 23. Rad1 Ne7 24. Rhg1 Nd5 25. Qg3 Rg8 26. Qf3 Rgf8 27. Qg4 Rf7 28. Qg5 Rdf8 29. e6 Qxe6+ 30. Qe5+ Nf6+ 31. Kf3 Qa6 32. a3 Re7 33. axb4 Rxe5 34. dxe5 Qc6+ 0-1